000 01004nam a2200265 i 4500
001 18724
003 ES-MaACL
005 20230906151917.0
007 t|
008 020307s2001 sp ||||1| spa d
020 _a84-86064-06-6
080 _a061.234(460.152 B.)(067.5)
245 0 3 _aLa Tribuna de "El Sitio"
_b: 125 años de expresión libre en Bilbao (1875-2000) /
_cedición al cuidado de Ramón Talasac Hernández y José Manuel Azcona Pastor.
260 _a[Bilbao] :
_bSociedad "El Sitio",
_c[2001]
300 _a881 p., [22] p. de lám. :
_bil., mús. ;
_c25 cm.
594 _aConferencias pronunciadas en la Sociedad "El Sitio" de Bilbao.
594 _aEn cub.: Miguel de Unamuno ... [et al.]
610 2 4 _aSociedad "El Sitio"
_96704
700 1 _aTalasac Hernández, Ramón.
_9109110
700 1 _aAzcona, José Manuel.
_9173738
700 1 _aUnamuno, Miguel de,
_d1864-1936
_9111982
710 2 _aSociedad "El Sitio"
_96704
852 _aES-MaACL
_jL-25299
999 _c18724
_d18724